La vida cotidiana de los etruscos

Gardado en:
Detalles Bibliográficos
Autor Principal: Heurgon, Jacques (Author)
Formato: Libro
Idioma:Lingua castelá
Publicado: Madrid Eds. Temas de Hoy 1991
Series:Colección historia, 13
Subjects:
Tags: Engadir etiqueta
Sen Etiquetas, Sexa o primeiro en etiquetar este rexistro!

MARC

LEADER 00000nam a2200000 a 4500
001 UCX6335
003 CL-VaPUC
008 930519e19910000SP |||||||||||||||||spa|d
082 0 4 |a 937.01  |b HEU  |2 21 
100 |a Heurgon, Jacques  |e author  |9 439928 
245 1 3 |a La vida cotidiana de los etruscos 
300 |a 399 p 
942 |c BK 
945 |d 19930519 00:00:00 
260 |a Madrid  |b Eds. Temas de Hoy  |c 1991 
650 0 |a Etruscos  |9 267523 
650 7 |a ETRUSCOS ORIGEN  |2 CL-VaPUC  |9 322769 
583 |a last modification  |c 19930519 00:00:00  |k Rodrigo Vera 
490 0 |a Colección historia, 13 
999 |c 226364  |d 226362 
952 |0 0  |1 0  |4 0  |6 937_010000000000000_HEU_1991  |7 0  |8 A  |9 224655  |a BIBHIS  |b BIBHIS  |d 2019-11-15  |i 2934280  |o 937.01 HEU 1991  |p 2934280  |r 2025-01-20  |w 2019-11-15  |y BK  |k HIS